| 000 | 00788nam a22002417a 4500 | ||
|---|---|---|---|
| 003 | OSt | ||
| 005 | 20251126144129.0 | ||
| 008 | 251126b |||||||| |||| 00| 0 eng d | ||
| 040 |
_aDCWCL Main-Lib _cOC |
||
| 082 |
_2Second edition _aCirc. 625.8 A532 2025 |
||
| 100 | _aHarle, S.M. | ||
| 245 |
_aAnalysis and design of pavement _cS.M Harle, N.W. Ingole, A.B. Ranit, and M.V. Mohod |
||
| 250 | _aSecond edition | ||
| 260 |
_aNew Delhi, India: _bS.K. Kataria & Sons, _cc2025. |
||
| 300 |
_axiii, 370 pages: _billustrations; _c24 cm. |
||
| 504 | _aIncludes bibliographical references and index. | ||
| 650 | _a1. Pavements. | ||
| 650 | _a2. Technology | ||
| 700 | _aIngole, N.W. | ||
| 700 | _aRanit, A.B. | ||
| 700 | _aMohod, M.V. | ||
| 942 |
_2ddc _cBK-CIRC _eSecond edition _kCirc. _n0 |
||
| 999 |
_c6405 _d6405 |
||